[Event "DEM U16 2024"]
[Site "Willingen GER"]
[Date "2024.05.19"]
[Round "2"]
[White "Haubold, Sebastian"]
[Black "Mester, Philipp"]
[Result "1/2-1/2"]
[Termination "normal"]
[Board "6"]
[WhiteElo "2127"]
[BlackElo "1975"]
[WhiteClock "00:10:51"]
[BlackClock "01:12:11"]
[PlyCount "90"]
[WhiteFideId "16259637"]
[BlackFideId "34624902"]
[EventCountry "GER"]
[EventRounds "9"]
[EventType "swiss"]
[EventDate "2024.05.18"]

1. e4 {[%clk 01:30:48]} {[%emt 00:00:10]} e5 {[%clk 01:30:57]} {[%emt
00:00:05]} 2. Nf3 {[%clk 01:31:00]} {[%emt 00:00:18]} Nc6 {[%clk 01:31:18]}
{[%emt 00:00:08]} 3. Bb5 {[%clk 01:31:18]} {[%emt 00:00:12]} Nf6 {[%clk
01:31:42]} {[%emt 00:00:07]} 4. O-O {[%clk 01:31:29]} {[%emt 00:00:19]} Nxe4
{[%clk 01:32:04]} {[%emt 00:00:08]} 5. d4 {[%clk 01:31:43]} {[%emt 00:00:16]}
Nd6 {[%clk 01:32:25]} {[%emt 00:00:09]} 6. dxe5 {[%clk 01:32:04]} {[%emt
00:00:08]} Nxb5 {[%clk 01:32:47]} {[%emt 00:00:09]} 7. a4 {[%clk 01:32:29]}
{[%emt 00:00:05]} Nbd4 {[%clk 01:32:46]} {[%emt 00:00:30]} 8. Nxd4 {[%clk
01:32:50]} {[%emt 00:00:10]} Nxd4 {[%clk 01:32:10]} {[%emt 00:01:06]} 9. Qxd4
{[%clk 01:33:06]} {[%emt 00:00:14]} d6 {[%clk 01:31:26]} {[%emt 00:01:13]} 10.
Nc3 {[%clk 01:29:06]} {[%emt 00:04:30]} Be6 {[%clk 01:29:53]} {[%emt 00:02:03]}
11. Bf4 {[%clk 01:14:02]} {[%emt 00:15:34]} dxe5 {[%clk 01:23:17]} {[%emt
00:07:07]} 12. Qxe5 {[%clk 01:13:11]} {[%emt 00:01:21]} c6 {[%clk 01:18:49]}
{[%emt 00:04:58]} 13. Rad1 {[%clk 01:06:00]} {[%emt 00:07:40]} Qf6 {[%clk
01:17:48]} {[%emt 00:01:31]} 14. Qxf6 {[%clk 00:51:03]} {[%emt 00:15:28]} gxf6
{[%clk 01:18:02]} {[%emt 00:00:16]} 15. Ne4 {[%clk 00:51:32]} {[%emt 00:00:01]}
Be7 {[%clk 01:17:44]} {[%emt 00:00:48]} 16. Bd6 {[%clk 00:50:46]} {[%emt
00:01:17]} Rd8 {[%clk 01:11:07]} {[%emt 00:07:07]} 17. f4 {[%clk 00:40:09]}
{[%emt 00:11:07]} f5 {[%clk 01:11:07]} {[%emt 00:00:30]} 18. Bxe7 {[%clk
00:38:29]} {[%emt 00:02:09]} Kxe7 {[%clk 01:11:31]} {[%emt 00:00:06]} 19. Nc3
{[%clk 00:38:05]} {[%emt 00:00:54]} Rhg8 {[%clk 01:07:02]} {[%emt 00:04:59]}
20. Kf2 {[%clk 00:37:07]} {[%emt 00:01:28]} Kf6 {[%clk 01:07:00]} {[%emt
00:00:32]} 21. Rfe1 {[%clk 00:34:50]} {[%emt 00:02:47]} Rge8 {[%clk 01:05:09]}
{[%emt 00:02:20]} 22. Rxd8 {[%clk 00:21:05]} {[%emt 00:14:16]} Rxd8 {[%clk
01:05:21]} {[%emt 00:00:18]} 23. Rd1 {[%clk 00:19:30]} {[%emt 00:02:05]} Rc8
{[%clk 01:01:33]} {[%emt 00:04:18]} 24. Rd3 {[%clk 00:16:27]} {[%emt 00:03:32]}
a5 {[%clk 01:00:32]} {[%emt 00:01:32]} 25. Nd1 {[%clk 00:12:35]} {[%emt
00:04:21]} b5 {[%clk 00:59:23]} {[%emt 00:01:39]} 26. Ne3 {[%clk 00:09:40]}
{[%emt 00:03:26]} Rb8 {[%clk 00:59:07]} {[%emt 00:01:15]} 27. axb5 {[%clk
00:09:15]} {[%emt 00:01:25]} cxb5 {[%clk 00:56:23]} {[%emt 00:03:14]} 28. Rd6
{[%clk 00:07:36]} {[%emt 00:02:09]} Ke7 {[%clk 00:54:56]} {[%emt 00:01:57]} 29.
Ra6 {[%clk 00:07:10]} {[%emt 00:00:57]} a4 {[%clk 00:55:13]} {[%emt 00:00:13]}
30. h3 {[%emt 00:02:47]} Rc8 {[%clk 00:52:23]} {[%emt 00:03:20]} 31. Kf3 {[%clk
00:02:37]} {[%emt 00:02:46]} Rc5 {[%clk 00:52:11]} {[%emt 00:00:41]} 32. g4
{[%clk 00:02:43]} {[%emt 00:00:25]} Bd5+ {[%clk 00:50:38]} {[%emt 00:02:03]}
33. Kg3 {[%clk 00:01:47]} {[%emt 00:01:25]} Be4 {[%clk 00:50:40]} {[%emt
00:00:28]} 34. c3 {[%clk 00:02:06]} {[%emt 00:00:11]} Kf8 {[%clk 00:50:11]}
{[%emt 00:00:58]} 35. gxf5 {[%clk 00:01:32]} {[%emt 00:01:05]} Bxf5 {[%clk
00:50:17]} {[%emt 00:00:24]} 36. Nxf5 {[%clk 00:00:48]} {[%emt 00:01:14]} Rxf5
{[%clk 00:50:42]} {[%emt 00:00:05]} 37. Rb6 {[%clk 00:00:50]} {[%emt 00:00:28]}
h5 {[%clk 00:50:23]} {[%emt 00:00:49]} 38. Kf3 {[%clk 00:01:11]} {[%emt
00:00:10]} Kg7 {[%clk 00:48:14]} {[%emt 00:02:39]} 39. Ke4 {[%clk 00:01:02]}
{[%emt 00:00:39]} Rc5 {[%clk 00:48:32]} {[%emt 00:00:12]} 40. Kd4 {[%clk
00:00:42]} {[%emt 00:00:51]} Rf5 {[%clk 00:48:30]} {[%emt 00:00:32]} 41. Ke4
{[%clk 00:27:25]} {[%emt 00:03:47]} Rc5 {[%clk 01:18:43]} {[%emt 00:00:15]} 42.
f5 {[%clk 00:18:05]} {[%emt 00:09:51]} a3 {[%clk 01:18:11]} {[%emt 00:01:03]}
43. bxa3 {[%clk 00:16:29]} {[%emt 00:02:05]} Rxc3 {[%clk 01:18:35]} {[%emt
00:00:06]} 44. Kf4 {[%clk 00:11:25]} {[%emt 00:05:34]} Rxa3 {[%clk 01:14:44]}
{[%emt 00:04:21]} 45. h4 {[%clk 00:10:51]} {[%emt 00:01:05]} f6 {[%clk
01:12:11]} {[%emt 00:03:03]} 1/2-1/2

[Event "DEM U16 2024"]
[Site "Willingen GER"]
[Date "2024.05.19"]
[Round "2"]
[White "Bräutigam, Alexander"]
[Black "Wunderlich, Elias"]
[Result "1-0"]
[Termination "normal"]
[Board "7"]
[WhiteElo "2134"]
[BlackElo "2007"]
[WhiteClock "00:25:49"]
[BlackClock "00:27:30"]
[PlyCount "103"]
[WhiteFideId "16245210"]
[BlackFideId "34608087"]
[EventCountry "GER"]
[EventRounds "9"]
[EventType "swiss"]
[EventDate "2024.05.18"]

1. c4 {[%clk 01:30:57]} {[%emt 00:00:02]} e6 {[%clk 01:30:55]} {[%emt
00:00:05]} 2. Nc3 {[%clk 01:31:23]} {[%emt 00:00:04]} d5 {[%clk 01:31:18]}
{[%emt 00:00:07]} 3. d4 {[%clk 01:31:49]} {[%emt 00:00:05]} Nf6 {[%clk
01:31:37]} {[%emt 00:00:11]} 4. cxd5 {[%clk 01:32:10]} {[%emt 00:00:10]} exd5
{[%clk 01:32:06]} {[%emt 00:00:01]} 5. Bg5 {[%clk 01:32:33]} {[%emt 00:00:06]}
Bb4 {[%clk 01:32:32]} {[%emt 00:00:04]} 6. e3 {[%clk 01:30:42]} {[%emt
00:02:21]} h6 {[%clk 01:32:38]} {[%emt 00:00:25]} 7. Bh4 {[%clk 01:31:07]}
{[%emt 00:00:05]} g5 {[%clk 01:32:35]} {[%emt 00:00:32]} 8. Bg3 {[%clk
01:31:32]} {[%emt 00:00:04]} Ne4 {[%clk 01:32:54]} {[%emt 00:00:11]} 9. Nge2
{[%clk 01:29:34]} {[%emt 00:02:28]} h5 {[%clk 01:32:56]} {[%emt 00:00:28]} 10.
h4 {[%clk 01:26:19]} {[%emt 00:03:45]} Nxg3 {[%clk 01:33:21]} {[%emt 00:00:06]}
11. Nxg3 {[%clk 01:26:12]} {[%emt 00:00:36]} gxh4 {[%clk 01:33:16]} {[%emt
00:00:36]} 12. Nxh5 {[%clk 01:24:53]} {[%emt 00:01:48]} c6 {[%clk 01:32:53]}
{[%emt 00:00:54]} 13. a3 {[%clk 01:05:41]} {[%emt 00:19:42]} Bd6 {[%clk
01:33:15]} {[%emt 00:00:07]} 14. Nf4 {[%clk 01:03:20]} {[%emt 00:02:51]} Qg5
{[%clk 01:27:10]} {[%emt 00:06:36]} 15. Nh3 {[%clk 00:55:10]} {[%emt 00:08:40]}
Qg6 {[%clk 01:25:35]} {[%emt 00:02:05]} 16. Qa4 {[%clk 00:52:19]} {[%emt
00:03:21]} Nd7 {[%clk 01:17:38]} {[%emt 00:08:27]} 17. O-O-O {[%clk 00:50:56]}
{[%emt 00:01:52]} a5 {[%clk 01:16:57]} {[%emt 00:01:12]} 18. Qc2 {[%clk
00:46:10]} {[%emt 00:05:16]} Qh6 {[%clk 01:10:13]} {[%emt 00:07:14]} 19. Na4
{[%clk 00:43:55]} {[%emt 00:02:45]} Bc7 {[%clk 01:09:22]} {[%emt 00:01:21]} 20.
Kb1 {[%clk 00:31:06]} {[%emt 00:13:19]} Nf6 {[%clk 01:06:56]} {[%emt 00:02:55]}
21. Bd3 {[%clk 00:30:01]} {[%emt 00:01:36]} Be6 {[%clk 01:02:43]} {[%emt
00:04:43]} 22. Nc5 {[%clk 00:28:45]} {[%emt 00:01:46]} Bc8 {[%clk 00:49:33]}
{[%emt 00:13:40]} 23. e4 {[%clk 00:26:46]} {[%emt 00:02:29]} Nxe4 {[%clk
00:48:48]} {[%emt 00:01:14]} 24. Nxe4 {[%clk 00:24:15]} {[%emt 00:03:01]} dxe4
{[%clk 00:49:17]} {[%emt 00:00:02]} 25. Bxe4 {[%clk 00:24:33]} {[%emt
00:00:12]} Bd7 {[%clk 00:44:06]} {[%emt 00:05:41]} 26. d5 {[%clk 00:20:44]}
{[%emt 00:04:19]} O-O-O {[%clk 00:41:00]} {[%emt 00:03:36]} 27. Rc1 {[%clk
00:20:38]} {[%emt 00:00:36]} Kb8 {[%clk 00:15:30]} {[%emt 00:26:01]} 28. dxc6
{[%clk 00:16:19]} {[%emt 00:04:49]} Be6 {[%clk 00:15:17]} {[%emt 00:00:43]} 29.
cxb7 {[%clk 00:13:11]} {[%emt 00:03:38]} Bb6 {[%clk 00:13:56]} {[%emt
00:01:50]} 30. Rhd1 {[%clk 00:11:37]} {[%emt 00:02:05]} Qf6 {[%clk 00:13:35]}
{[%emt 00:00:50]} 31. f3 {[%clk 00:05:44]} {[%emt 00:06:24]} Rxd1 {[%clk
00:01:20]} {[%emt 00:12:45]} 32. Rxd1 {[%clk 00:05:34]} {[%emt 00:00:40]} Rd8
{[%clk 00:01:00]} {[%emt 00:00:49]} 33. Rxd8+ {[%clk 00:04:39]} {[%emt
00:01:26]} Qxd8 {[%clk 00:01:20]} {[%emt 00:00:09]} 34. Nf4 {[%clk 00:04:43]}
{[%emt 00:00:27]} Bd7 {[%clk 00:01:15]} {[%emt 00:00:35]} 35. Nd5 {[%clk
00:02:08]} {[%emt 00:03:05]} Ba7 {[%clk 00:01:44]} 36. Qd2 {[%clk 00:01:32]}
{[%emt 00:01:05]} f5 {[%clk 00:01:16]} {[%emt 00:00:59]} 37. Qf4+ {[%clk
00:01:54]} {[%emt 00:00:08]} Kxb7 {[%clk 00:01:28]} {[%emt 00:00:20]} 38. Bxf5
{[%clk 00:01:40]} {[%emt 00:00:44]} Bc6 {[%clk 00:01:43]} {[%emt 00:00:14]} 39.
Nc3 {[%clk 00:01:46]} {[%emt 00:00:24]} Bb8 {[%clk 00:01:03]} {[%emt 00:01:10]}
40. Qe3 {[%clk 00:01:55]} {[%emt 00:00:21]} Ba7 {[%clk 00:01:04]} {[%emt
00:00:30]} 41. Qe2 {[%clk 00:01:50]} {[%emt 00:00:35]} Kb6 {[%clk 00:00:33]}
{[%emt 00:01:00]} 42. Be4 {[%clk 00:30:30]} {[%emt 00:01:50]} Qe8 {[%clk
00:26:25]} {[%emt 00:04:38]} 43. Qf2+ {[%clk 00:30:22]} {[%emt 00:00:37]} Ka6
{[%clk 00:26:33]} {[%emt 00:00:20]} 44. Qxh4 {[%clk 00:30:20]} {[%emt
00:00:33]} Bd7 {[%clk 00:26:31]} {[%emt 00:00:30]} 45. Bd3+ {[%clk 00:29:52]}
{[%emt 00:01:00]} Kb7 {[%clk 00:26:58]} {[%emt 00:00:04]} 46. Be4+ {[%clk
00:29:05]} {[%emt 00:01:17]} Kc8 {[%clk 00:26:50]} {[%emt 00:00:37]} 47. Qf6
{[%clk 00:27:54]} {[%emt 00:01:41]} Qe6 {[%clk 00:27:01]} {[%emt 00:00:19]} 48.
Qh8+ {[%clk 00:27:26]} {[%emt 00:00:58]} Qe8 {[%clk 00:27:29]} {[%emt
00:00:02]} 49. Qg7 {[%clk 00:25:41]} {[%emt 00:02:15]} Qh5 {[%clk 00:27:19]}
{[%emt 00:00:41]} 50. Qg8+ {[%clk 00:25:26]} {[%emt 00:00:44]} Qe8 {[%clk
00:27:17]} {[%emt 00:00:33]} 51. Qc4+ {[%clk 00:25:44]} {[%emt 00:00:11]} Kd8
{[%clk 00:27:30]} {[%emt 00:00:18]} 52. Qa6 {[%clk 00:25:49]} {[%emt 00:00:24]}
1-0

[Event "DEM U16 2024"]
[Site "Willingen GER"]
[Date "2024.05.19"]
[Round "2"]
[White "Jahnz, Laurin"]
[Black "Deschler, Arne"]
[Result "1-0"]
[Termination "normal"]
[Board "8"]
[WhiteElo "2202"]
[BlackElo "1989"]
[WhiteClock "00:12:37"]
[BlackClock "00:10:19"]
[PlyCount "131"]
[WhiteFideId "16261089"]
[BlackFideId "16274415"]
[EventCountry "GER"]
[EventRounds "9"]
[EventType "swiss"]
[EventDate "2024.05.18"]

1. e4 {[%clk 01:30:58]} {[%emt 00:00:02]} c6 {[%clk 01:30:56]} {[%emt
00:00:04]} 2. Nc3 {[%clk 01:31:25]} {[%emt 00:00:03]} d5 {[%clk 01:31:23]}
{[%emt 00:00:03]} 3. Nf3 {[%clk 01:31:52]} {[%emt 00:00:03]} Bg4 {[%clk
01:31:52]} {[%emt 00:00:01]} 4. h3 {[%clk 01:32:17]} {[%emt 00:00:05]} Bxf3
{[%clk 01:32:19]} {[%emt 00:00:03]} 5. Qxf3 {[%clk 01:32:42]} {[%emt 00:00:05]}
e6 {[%clk 01:32:46]} {[%emt 00:00:03]} 6. d4 {[%clk 01:33:07]} {[%emt
00:00:05]} dxe4 {[%clk 01:33:13]} {[%emt 00:00:03]} 7. Qxe4 {[%clk 01:33:29]}
{[%emt 00:00:08]} Nf6 {[%clk 01:33:39]} {[%emt 00:00:04]} 8. Qd3 {[%clk
01:33:55]} {[%emt 00:00:04]} Nbd7 {[%clk 01:34:05]} {[%emt 00:00:04]} 9. Bd2
{[%clk 01:34:15]} {[%emt 00:00:10]} Qc7 {[%clk 01:34:28]} {[%emt 00:00:08]} 10.
O-O-O {[%clk 01:34:21]} {[%emt 00:00:23]} Bd6 {[%clk 01:34:46]} {[%emt
00:00:12]} 11. Qf3 {[%clk 01:34:38]} {[%emt 00:00:13]} O-O {[%clk 01:31:56]}
{[%emt 00:03:18]} 12. Bd3 {[%clk 01:33:21]} {[%emt 00:01:49]} Rfe8 {[%clk
01:24:41]} {[%emt 00:07:45]} 13. Ne4 {[%clk 01:31:52]} {[%emt 00:01:59]} Nxe4
{[%clk 01:20:53]} {[%emt 00:04:18]} 14. Qxe4 {[%clk 01:32:17]} {[%emt
00:00:05]} Nf8 {[%clk 01:18:35]} {[%emt 00:02:48]} 15. f4 {[%clk 01:27:59]}
{[%emt 00:04:48]} Rad8 {[%clk 01:13:35]} {[%emt 00:05:30]} 16. Rde1 {[%clk
01:25:27]} {[%emt 00:03:02]} Be7 {[%clk 01:11:04]} {[%emt 00:03:01]} 17. c3
{[%clk 01:16:34]} {[%emt 00:09:23]} Qa5 {[%clk 01:07:53]} {[%emt 00:03:41]} 18.
Kb1 {[%clk 01:16:22]} {[%emt 00:00:42]} Rd7 {[%clk 01:07:28]} {[%emt 00:00:54]}
19. f5 {[%clk 01:12:53]} {[%emt 00:04:00]} exf5 {[%clk 01:04:06]} {[%emt
00:03:51]} 20. Qxf5 {[%clk 01:10:33]} {[%emt 00:02:51]} Qxf5 {[%clk 01:04:04]}
{[%emt 00:00:32]} 21. Bxf5 {[%clk 01:11:02]} {[%emt 00:00:01]} Rdd8 {[%clk
01:03:38]} {[%emt 00:00:56]} 22. Bf4 {[%clk 00:59:01]} {[%emt 00:12:31]} Bf6
{[%clk 00:59:32]} {[%emt 00:04:36]} 23. Bc7 {[%clk 00:53:51]} {[%emt 00:05:40]}
Ra8 {[%clk 00:59:49]} {[%emt 00:00:13]} 24. Bg3 {[%clk 00:51:33]} {[%emt
00:02:48]} Ng6 {[%clk 00:57:16]} {[%emt 00:03:04]} 25. Rxe8+ {[%clk 00:48:35]}
{[%emt 00:03:28]} Rxe8 {[%clk 00:57:45]} {[%emt 00:00:01]} 26. Re1 {[%clk
00:48:58]} {[%emt 00:00:07]} Rxe1+ {[%clk 00:53:24]} {[%emt 00:04:51]} 27. Bxe1
{[%clk 00:49:00]} {[%emt 00:00:27]} Bh4 {[%clk 00:46:13]} {[%emt 00:07:42]} 28.
g3 {[%clk 00:48:09]} {[%emt 00:01:21]} Be7 {[%clk 00:46:30]} {[%emt 00:00:13]}
29. Kc2 {[%clk 00:46:11]} {[%emt 00:02:28]} Kf8 {[%clk 00:46:24]} {[%emt
00:00:36]} 30. Kd3 {[%clk 00:45:06]} {[%emt 00:01:34]} Bd6 {[%clk 00:45:44]}
{[%emt 00:01:09]} 31. c4 {[%clk 00:44:33]} {[%emt 00:01:04]} Ke7 {[%clk
00:45:22]} {[%emt 00:00:52]} 32. b4 {[%clk 00:41:05]} {[%emt 00:03:59]} Nf8
{[%clk 00:41:41]} {[%emt 00:04:10]} 33. Be4 {[%clk 00:39:37]} {[%emt 00:01:57]}
Ne6 {[%clk 00:36:51]} {[%emt 00:05:21]} 34. c5 {[%clk 00:34:40]} {[%emt
00:05:27]} Bc7 {[%clk 00:37:03]} {[%emt 00:00:18]} 35. Bf2 {[%clk 00:31:03]}
{[%emt 00:04:06]} Ng5 {[%clk 00:29:46]} {[%emt 00:07:48]} 36. Bg2 {[%clk
00:31:09]} {[%emt 00:00:23]} f6 {[%clk 00:28:07]} {[%emt 00:02:10]} 37. h4
{[%clk 00:30:44]} {[%emt 00:00:55]} Nf7 {[%clk 00:28:10]} {[%emt 00:00:26]} 38.
b5 {[%clk 00:26:29]} {[%emt 00:04:45]} Kd7 {[%clk 00:26:53]} {[%emt 00:01:46]}
39. Bh3+ {[%clk 00:26:09]} {[%emt 00:00:51]} Kd8 {[%clk 00:25:49]} {[%emt
00:01:35]} 40. Be6 {[%clk 00:26:00]} {[%emt 00:00:39]} Ke7 {[%clk 00:24:55]}
{[%emt 00:01:24]} 41. Bc8 {[%clk 00:25:36]} {[%emt 00:00:54]} Nd8 {[%clk
00:24:45]} {[%emt 00:00:40]} 42. Kc4 {[%clk 00:22:59]} {[%emt 00:03:08]} g6
{[%clk 00:20:25]} {[%emt 00:04:50]} 43. bxc6 {[%clk 00:08:34]} {[%emt
00:14:55]} bxc6 {[%clk 00:20:27]} {[%emt 00:00:29]} 44. d5 {[%clk 00:08:26]}
{[%emt 00:00:37]} cxd5+ {[%clk 00:18:01]} {[%emt 00:02:56]} 45. Kxd5 {[%clk
00:08:54]} {[%emt 00:00:02]} f5 {[%clk 00:14:33]} {[%emt 00:03:59]} 46. c6
{[%clk 00:08:20]} {[%emt 00:01:03]} Nf7 {[%clk 00:10:46]} {[%emt 00:04:17]} 47.
Bxa7 {[%clk 00:16:08]} {[%emt 00:22:42]} Bxg3 {[%clk 00:37:19]} {[%emt
00:03:57]} 48. Bb6 {[%clk 00:15:18]} {[%emt 00:01:20]} Nd6 {[%clk 00:28:20]}
{[%emt 00:09:29]} 49. Bc7 {[%clk 00:14:06]} {[%emt 00:01:43]} Nxc8 {[%clk
00:28:39]} {[%emt 00:00:11]} 50. Bxg3 {[%clk 00:14:33]} {[%emt 00:00:02]} h6
{[%clk 00:21:58]} {[%emt 00:07:12]} 51. Bf4 {[%clk 00:14:49]} {[%emt 00:00:13]}
Nb6+ {[%clk 00:22:07]} {[%emt 00:00:21]} 52. Kc5 {[%clk 00:14:28]} {[%emt
00:00:49]} Na4+ {[%clk 00:21:50]} {[%emt 00:00:50]} 53. Kb5 {[%clk 00:12:17]}
{[%emt 00:02:41]} Nc3+ {[%clk 00:21:07]} {[%emt 00:01:12]} 54. Kb6 {[%clk
00:11:56]} {[%emt 00:00:52]} Na4+ {[%clk 00:17:44]} {[%emt 00:03:52]} 55. Kb5
{[%clk 00:11:03]} {[%emt 00:01:22]} Nc3+ {[%clk 00:17:38]} {[%emt 00:00:38]}
56. Ka6 {[%clk 00:10:05]} {[%emt 00:01:28]} Nd5 {[%clk 00:09:04]} {[%emt
00:09:04]} 57. c7 {[%clk 00:09:40]} {[%emt 00:00:54]} Nxc7+ {[%clk 00:07:29]}
{[%emt 00:02:06]} 58. Bxc7 {[%clk 00:10:08]} {[%emt 00:00:01]} g5 {[%clk
00:07:49]} {[%emt 00:00:10]} 59. hxg5 {[%clk 00:10:31]} {[%emt 00:00:07]} hxg5
{[%clk 00:08:18]} 60. a4 {[%clk 00:10:46]} {[%emt 00:00:15]} f4 {[%clk
00:08:35]} {[%emt 00:00:13]} 61. a5 {[%clk 00:11:06]} {[%emt 00:00:10]} Ke6
{[%clk 00:08:47]} {[%emt 00:00:17]} 62. Kb7 {[%clk 00:11:17]} {[%emt 00:00:19]}
Kf5 {[%clk 00:09:01]} {[%emt 00:00:17]} 63. a6 {[%clk 00:11:36]} {[%emt
00:00:11]} g4 {[%clk 00:09:28]} {[%emt 00:00:03]} 64. a7 {[%clk 00:11:59]}
{[%emt 00:00:06]} g3 {[%clk 00:09:52]} {[%emt 00:00:07]} 65. a8=Q {[%clk
00:12:22]} {[%emt 00:00:07]} g2 {[%clk 00:10:19]} {[%emt 00:00:03]} 66. Qa7
{[%clk 00:12:37]} {[%emt 00:00:15]} 1-0

[Event "DEM U16 2024"]
[Site "Willingen GER"]
[Date "2024.05.19"]
[Round "2"]
[White "Mader, Fabian"]
[Black "Lübke, Florentin"]
[Result "1/2-1/2"]
[Termination "normal"]
[Board "9"]
[WhiteElo "1984"]
[BlackElo "2207"]
[WhiteClock "00:07:06"]
[BlackClock "00:04:21"]
[PlyCount "98"]
[WhiteFideId "16265866"]
[BlackFideId "16281799"]
[EventCountry "GER"]
[EventRounds "9"]
[EventType "swiss"]
[EventDate "2024.05.18"]

1. e4 {[%clk 01:30:57]} {[%emt 00:00:02]} c5 {[%clk 01:30:57]} {[%emt
00:00:04]} 2. Nf3 {[%clk 01:31:19]} {[%emt 00:00:08]} d6 {[%clk 01:31:20]}
{[%emt 00:00:06]} 3. Bb5+ {[%clk 01:31:21]} {[%emt 00:00:28]} Nd7 {[%clk
01:31:44]} {[%emt 00:00:06]} 4. O-O {[%clk 01:31:36]} {[%emt 00:00:15]} a6
{[%clk 01:31:54]} {[%emt 00:00:21]} 5. Bd3 {[%clk 01:31:54]} {[%emt 00:00:11]}
Ngf6 {[%clk 01:31:48]} {[%emt 00:00:37]} 6. c3 {[%clk 01:31:55]} {[%emt
00:00:29]} b5 {[%clk 01:31:44]} {[%emt 00:00:34]} 7. Bc2 {[%clk 01:32:05]}
{[%emt 00:00:20]} Bb7 {[%clk 01:31:46]} {[%emt 00:00:27]} 8. Re1 {[%clk
01:30:57]} {[%emt 00:01:38]} e6 {[%clk 01:31:17]} {[%emt 00:00:59]} 9. d3
{[%clk 01:28:54]} {[%emt 00:02:33]} Be7 {[%clk 01:30:38]} {[%emt 00:01:09]} 10.
h3 {[%clk 01:26:59]} {[%emt 00:02:25]} O-O {[%clk 01:28:50]} {[%emt 00:02:18]}
11. a4 {[%clk 01:21:25]} {[%emt 00:06:05]} Qc7 {[%clk 01:26:20]} {[%emt
00:03:00]} 12. Bf4 {[%clk 01:19:01]} {[%emt 00:02:53]} Nb6 {[%clk 01:17:43]}
{[%emt 00:09:07]} 13. axb5 {[%clk 01:15:19]} {[%emt 00:04:12]} axb5 {[%clk
01:17:58]} {[%emt 00:00:16]} 14. Rxa8 {[%clk 01:14:18]} {[%emt 00:01:31]} Rxa8
{[%clk 01:17:32]} {[%emt 00:00:55]} 15. Nbd2 {[%clk 01:07:12]} {[%emt
00:07:35]} Nbd7 {[%clk 01:07:35]} {[%emt 00:10:27]} 16. Bg3 {[%clk 01:02:06]}
{[%emt 00:05:37]} Qa5 {[%clk 01:01:54]} {[%emt 00:06:11]} 17. d4 {[%clk
00:52:45]} {[%emt 00:09:51]} cxd4 {[%clk 00:53:34]} {[%emt 00:08:51]} 18. cxd4
{[%clk 00:45:28]} {[%emt 00:07:48]} Nb6 {[%clk 00:47:19]} {[%emt 00:06:43]} 19.
e5 {[%clk 00:41:03]} {[%emt 00:04:56]} dxe5 {[%clk 00:47:03]} {[%emt 00:00:46]}
20. dxe5 {[%clk 00:40:30]} {[%emt 00:01:04]} Nfd5 {[%clk 00:46:41]} {[%emt
00:00:51]} 21. Ne4 {[%clk 00:39:05]} {[%emt 00:01:55]} Na4 {[%clk 00:38:16]}
{[%emt 00:08:55]} 22. Nd6 {[%clk 00:29:34]} {[%emt 00:10:01]} Bxd6 {[%clk
00:27:25]} {[%emt 00:11:21]} 23. exd6 {[%clk 00:29:50]} {[%emt 00:00:13]} g6
{[%clk 00:27:12]} {[%emt 00:00:44]} 24. Be5 {[%clk 00:20:17]} {[%emt 00:10:02]}
Nab6 {[%clk 00:25:39]} {[%emt 00:02:04]} 25. Qc1 {[%clk 00:11:07]} {[%emt
00:09:41]} Nd7 {[%clk 00:22:04]} {[%emt 00:04:04]} 26. Bd4 {[%clk 00:09:18]}
{[%emt 00:02:19]} Qd8 {[%clk 00:18:38]} {[%emt 00:03:55]} 27. Bd3 {[%clk
00:01:27]} {[%emt 00:08:21]} b4 {[%clk 00:15:36]} {[%emt 00:03:32]} 28. Qh6
{[%clk 00:01:07]} {[%emt 00:00:51]} Qf8 {[%clk 00:12:21]} {[%emt 00:03:46]} 29.
Qxf8+ {[%clk 00:00:55]} {[%emt 00:00:41]} Kxf8 {[%clk 00:11:45]} {[%emt
00:01:06]} 30. Rc1 {[%clk 00:00:59]} {[%emt 00:00:26]} f6 {[%clk 00:11:00]}
{[%emt 00:01:15]} 31. h4 {[%clk 00:00:58]} {[%emt 00:00:31]} e5 {[%clk
00:10:40]} {[%emt 00:00:50]} 32. Be3 {[%clk 00:00:59]} {[%emt 00:00:29]} Rd8
{[%clk 00:09:28]} {[%emt 00:01:42]} 33. Bh6+ {[%clk 00:01:02]} {[%emt
00:00:27]} Kf7 {[%clk 00:09:41]} {[%emt 00:00:17]} 34. Bc4 {[%clk 00:01:20]}
{[%emt 00:00:14]} Ke6 {[%clk 00:09:27]} {[%emt 00:00:43]} 35. Bd2 {[%clk
00:01:00]} {[%emt 00:00:50]} N7b6 {[%clk 00:03:37]} {[%emt 00:06:21]} 36. Bxb4
{[%clk 00:00:50]} {[%emt 00:00:40]} Nxc4 {[%clk 00:03:58]} {[%emt 00:00:09]}
37. Rxc4 {[%clk 00:01:11]} {[%emt 00:00:09]} Ba6 {[%clk 00:04:08]} {[%emt
00:00:20]} 38. Ba5 {[%clk 00:01:04]} {[%emt 00:00:38]} Rxd6 {[%clk 00:04:26]}
{[%emt 00:00:11]} 39. Rc1 {[%clk 00:01:02]} {[%emt 00:00:32]} Nf4 {[%clk
00:04:36]} {[%emt 00:00:19]} 40. Rc7 {[%clk 00:00:47]} {[%emt 00:00:47]} h5
{[%clk 00:02:47]} {[%emt 00:02:19]} 41. Nd2 {[%clk 00:28:26]} {[%emt 00:02:51]}
Bb5 {[%clk 00:29:10]} {[%emt 00:04:04]} 42. Ne4 {[%clk 00:24:31]} {[%emt
00:04:27]} Rc6 {[%clk 00:25:01]} {[%emt 00:04:39]} 43. Rb7 {[%clk 00:16:51]}
{[%emt 00:08:10]} Rc1+ {[%clk 00:14:58]} {[%emt 00:10:33]} 44. Kh2 {[%clk
00:17:11]} {[%emt 00:00:08]} Bc6 {[%clk 00:13:24]} {[%emt 00:02:04]} 45. Rb6
{[%clk 00:16:50]} {[%emt 00:00:52]} Kf5 {[%clk 00:10:45]} {[%emt 00:03:09]} 46.
Nd6+ {[%clk 00:14:41]} {[%emt 00:02:39]} Ke6 {[%clk 00:10:23]} {[%emt
00:00:53]} 47. Ne4 {[%clk 00:14:57]} {[%emt 00:00:14]} Kf7 {[%clk 00:08:34]}
{[%emt 00:02:19]} 48. Bd2 {[%clk 00:07:31]} {[%emt 00:07:55]} Rc2 {[%clk
00:08:16]} {[%emt 00:00:47]} 49. Bxf4 {[%clk 00:07:06]} {[%emt 00:00:55]} Bxe4
{[%clk 00:04:21]} {[%emt 00:04:25]} 1/2-1/2